书目信息 |
| 题名: |
板报、广播宣传和展览布置
|
|
| 作者: | 王金凤 编著 | |
| 分册: | ||
| 出版信息: | 海口 南海出版公司 2005.01 |
|
| 页数: | 154页 | |
| 开本: | 20cm | |
| 丛书名: | 校园文化活动指导 | |
| 单 册: | ||
| 中图分类: | G241.1 | |
| 科图分类: | ||
| 主题词: | 群众文化--文化事业 | |
| 电子资源: | ||
| ISBN: | 7-5442-1473-7 | |
| 000 | 00633nam0 2200205 450 | |
| 001 | 0732682865 | |
| 005 | 20070312093326.04 | |
| 010 | @a7-5442-1473-7@dCNY14.05 | |
| 100 | @a20070312d2005 km y0chiy0120 ea | |
| 101 | 0 | @achi |
| 200 | 1 | @a板报、广播宣传和展览布置@Aban bao、guang bo xuan chuan he zhan lan bu zhi@f王金凤编著@Fwang jin feng bian zhu |
| 210 | @a海口@c南海出版公司@d2005.01 | |
| 215 | @a154页@d20cm | |
| 225 | 2 | @a校园文化活动指导 |
| 410 | 0 | @12001 @a校园文化活动指导 |
| 606 | 0 | @a群众文化@x文化事业 |
| 690 | @aG241.1@v3 | |
| 701 | 0 | @a王金凤@Awang jin feng@4编著 |
| 801 | 0 | @aCN@c20070312 |
| 905 | @a10447@dG241.1@eW231 | |
| 板报、广播宣传和展览布置/王金凤编著.-海口:南海出版公司,2005.01 |
| 154页;20cm.-(校园文化活动指导) |
| ISBN 7-5442-1473-7:CNY14.05 |
| ● |
| 相关链接 |
|
|
|
正题名:板报、广播宣传和展览布置
索取号:G241.1/W231
 
预约/预借
| 序号 | 登录号 | 条形码 | 馆藏地/架位号 | 状态 | 备注 |
| 1 | 445772 | 204457729 | 社科库409/409社科库 58排5列4层/ [索取号:G241.1/W231] | 在馆 | |
| 2 | 445773 | 204457738 | 社科库409/409社科库 58排5列4层/ [索取号:G241.1/W231] | 在馆 | |
| 3 | 445774 | 204457747 | 社科库409/409社科库 58排5列4层/ [索取号:G241.1/W231] | 在馆 |